[Event "CCA-ICC op"]
[Site "Lake George"]
[Date "2005.05.13"]
[Round "4"]
[White "Kacheishvili, Giorgi"]
[Black "Atalik, Suat"]
[Result "0-1"]
[WhiteElo "2597"]
[BlackElo "2561"]
[Annotator "Atalik,S"]
[PlyCount "66"]
[EventDate "2005.05.11"]
[EventType "swiss"]
[EventRounds "9"]
[EventCountry "USA"]
[SourceTitle "CBM 107"]
[Source "ChessBase"]
[SourceDate "2005.08.01"]
[SourceVersion "1"]
[SourceVersionDate "2005.08.01"]
[SourceQuality "1"]

1. d4 Nf6 2. c4 e6 3. Nf3 b6 4. Bg5 $5 {A funny looking move. What is the idea
behind it?} (4. Nc3 Bb4 (4... Bb7 5. Bg5) 5. Bg5 {is like Lasker pointed out
first knights then the bishops we should develop.}) 4... Bb7 (4... Bb4+ 5. Nbd2
{is this the idea behind his move order?} Bb7 6. e3 O-O 7. Bd3 Be7 8. O-O c5
$13 {looks ok to me.}) 5. Nc3 h6 6. Bh4 Be7 7. e3 O-O 8. Bd3 d5 {I have
decided to tranpose the game into Tartacower-Makagonov-Bondarevsky System.} 9.
O-O Nbd7 10. Bg3 {I do not know if this Kafkasian knows that I have played
this line extensively for some years under Alex's guidance!} dxc4 $6 {I have
felt like I had to do something bizarre to win the game. Despite of the fact I
was succesful at the end this capture is too early.} 11. Bxc4 Ne4 $6 {There
was big hole in my humble calculations.} ({I did not like} 11... c5 12. d5 exd5
13. Nxd5 Nxd5 14. Bxd5 Bxd5 15. Qxd5 $14) 12. Nxe4 Bxe4 13. Rc1 Bd6 14. Bxd6 $2
{A bad lapse.} (14. Bb5 Bxg3 (14... a6 $2 15. Bc6 Bxc6 16. Rxc6 Nb8 17. Rc3 Nd7
18. Qc2 Bxg3 19. hxg3 c5 20. dxc5 bxc5 21. Rd1 Qe7 22. b4 $18) 15. hxg3 c5 16.
Qa4 $1 ({I have only looked at} 16. Bxd7 $2 Qxd7 17. dxc5 Qb7 18. Qe2 Rfd8 $132
) 16... Nf6 17. dxc5 bxc5 18. Rxc5 Qb6 19. Qa3 $18 {and black's compensation
is non existing.}) 14... cxd6 $14 {Now black is back in the game and he is
only slightly worse.} 15. Ba6 $6 {Another unexpectingly bad move.} ({I have
calculated that} 15. d5 $1 b5 16. dxe6 bxc4 17. exd7 Bd3 18. Re1 Qxd7 19. b3
Rfc8 20. bxc4 Bxc4 21. Ne5 Qe6 22. Nxc4 Rxc4 23. Rxc4 Qxc4 24. Re2 $14 {
is not terrible for me.}) 15... Nf6 16. Nd2 Bd5 17. Qa4 (17. Qc2 Qd7 18. Qc7 (
18. e4 $2 Bb7 19. Bxb7 Qxb7 20. Qc7 Qa6 $15 {white's center is weak in this
case.}) 18... Qa4 19. Bd3 Qxa2 20. Qxd6 Qa5 $13) 17... Rb8 {Now I have nicely
set him up for a trick.} 18. Rc2 Ne4 19. Rfc1 $2 {And he falls into it in a
very naive fashion.} (19. f3 Nxd2 20. Rxd2 b5 21. Bxb5 Bxa2 $11) 19... b5 $3 {
Introduction to geometry 101!} 20. Qa3 $2 {Draw offer.} ({After the logical} 
20. Bxb5 Nxd2 21. Rxd2 Bxg2 22. Kxg2 Qg5+ 23. Kh1 (23. Kf1 $2 Rxb5 $17) 23...
Rxb5 24. Qc4 Rfb8 25. b3 Qg4 26. Qf1 Rg5 (26... a5 27. Qg2) 27. f3 (27. f4 Rg6
28. Rg2 Qf5 29. Rxg6 Qxg6 30. Qf3 Qd3 $40) 27... Qh5 28. Qf2 $15 {I assume the
fraction on his kingside pawn structure is not lethal.}) 20... Nxd2 21. Rxd2
Qb6 $1 $19 {All of a sudden he has problems with the bishop.} 22. b3 (22. Rdc2
Bc4 $1 23. b3 b4 24. Qa4 Bxa6 25. Rc6 Rbc8 26. h3 Bb5 $19 {is what I have
calculated and bad news for him it was correct.}) 22... f5 $1 {I need to
protect my 7th rank laterally.} 23. Rdc2 Be4 $1 {I have to exchange one pair
of rooks to catch his bishop.} (23... Rf7 $2 {timid moves like this may make
your advantage disappear.} 24. Bc8 a5 25. Qb2 b4 26. f3 $11 {and the bishop
stays there like an anchor.}) 24. Rc7 Rf7 25. Rxf7 (25. Rc8+ Rxc8 26. Bxc8 Bd5
$8 27. Qa6 Rc7 28. Rxc7 Qxc7 29. h3 (29. f3 $2 Qc1+ 30. Kf2 Qd2+ 31. Kf1 Qxe3
$19) 29... b4 30. Kh2 Kf7 31. f3 Ke7 32. h4 g5 33. hxg5 hxg5 {looked helpless
to him and he is right.All of a sudden his king becomes opened.} 34. Kg3 g4 $19
) 25... Kxf7 26. Bxb5 $2 {Desperado!} (26. b4 Bd5 27. Qa5 Qxa5 28. bxa5 Bxa2
29. Rc7+ Kf6 30. Rxa7 b4 31. Bd3 d5 $1 (31... b3 $2 32. a6 b2 $2 33. Rb7 $18 {
even loses.}) (31... Bd5 $2 32. f3 b3 33. e4 fxe4 34. fxe4 $132) (31... Rc8 32.
Kf1 Rc3 33. Ke2 Ra3 34. a6 $132) 32. f3 Bc4 33. Bb1 b3 34. Kf2 Rb4 $1 $19 {
wins the game.}) 26... Qxb5 {After some thought I have first cashed the bishop
then the point.} 27. Rc7+ Kg8 $8 28. Qxd6 Qb4 $1 {This is a very important
move. Draw by perpetual check after a possible rook sac should be avoided.} (
28... Qa5 $4 29. Rxg7+ Kxg7 30. Qe7+ Kg8 31. Qxe6+ Kf8 32. Qd6+ $11) (28... Qe2
$4 29. Rxg7+ Kxg7 30. Qe7+ Kg8 31. Qxe6+ $11) 29. Qxe6+ $2 {He had to chose
between the evils and go for the ending.} (29. Qxb4 Rxb4 30. Rxa7 Rb6 $1 31.
Ra5 Bb1 32. f3 Kf7 $19) 29... Kh7 30. h3 Rb6 $1 {Only in this move order.Rg7
is his only possibility in the game.} (30... Qe1+ $2 31. Kh2 Qxf2 (31... Rb6 $6
32. Rxg7+ Kxg7 33. Qd7+ Kg6 34. Qe8+ Kg5 35. Qe7+ Kh5 36. g4+ fxg4 37. Qe5+ Kg6
38. Qxe4+ Kf6 39. Qf4+ $11) 32. Rxg7+ Kxg7 33. Qe7+ Kg8 34. Qe6+ Kf8 35. Qd6+
Ke8 36. Qxb8+ Kf7 37. Qc7+ Kg6 38. Qd6+ Kh5 39. Qg3 Qxg3+ 40. Kxg3 $44) 31. Qc4
Qe1+ {Now it is the time for check.} (31... Qd2 $2 32. Rc8 Qe1+ 33. Qf1 Qd2 34.
Qc4 Qxa2 35. Qg8+ Kg6 36. Rc7 $18) 32. Qf1 $8 Qd2 $1 $19 {Now black starts the
checkmating attack.} 33. Rxa7 (33. f3 Qxe3+ 34. Qf2 Qf4 $19 (34... Qxf2+ $2 35.
Kxf2 Rb7 $17)) (33. Qc1 Qxa2 34. Rxg7+ Kxg7 35. Qc7+ Kg6 36. Qg3+ Kh5 37. Qg8
Rg6 $19) 33... Bd3 $1 ({He is losing the queen after} 33... Bd3 $1 34. Qa1 Rc6
$19) 0-1

[Event "TUR-chT"]
[Site "Kocaeli"]
[Date "2008.06.28"]
[Round "9"]
[White "Gelashvili, Tamaz"]
[Black "Atalik, Suat"]
[Result "1/2-1/2"]
[WhiteElo "2620"]
[BlackElo "2592"]
[Annotator "Atalik,S"]
[PlyCount "39"]
[EventDate "2008.06.24"]
[EventType "team"]
[EventRounds "15"]
[EventCountry "TUR"]
[SourceTitle "CBM 125"]
[Source "ChessBase"]
[SourceDate "2008.07.30"]
[SourceVersion "1"]
[SourceVersionDate "2008.07.30"]
[SourceQuality "1"]

1. Nf3 Nf6 2. c4 b6 3. d4 e6 4. Nc3 Bb7 5. Bg5 {Georgians are fond of this
continuation in the QID.} h6 6. Bh4 Be7 7. e3 O-O 8. Be2 d5 $5 {Back in TMB. I
always liked the Bondarevsky part of this trio. He was a great guy and a good
player in my humble opinion.} (8... Ne4 9. Bxe7 Qxe7 10. Nxe4 Bxe4 $11) 9. O-O
Nbd7 10. Rc1 dxc4 $1 {As usual now it is the time to release the tension.} 11.
Bxc4 c5 12. Qe2 a6 13. a4 (13. dxc5 Nxc5 14. Rfd1 Qe8 $1 {has been known for
ages.} 15. Ne5 $140 $2 b5 16. Nxb5 Qb8 $1 17. Bg3 axb5 $17) 13... cxd4 14. Nxd4
{I was really surprised by his choice.} ({For me} 14. exd4 {is the only move
in such positions.} Nh5 (14... Re8 $5 15. Rfd1 Nh5 (15... Bb4 $6 16. Ne5 Bxc3
17. Rxc3 Qb8 18. Bg3) (15... Nd5 16. Bxe7 Rxe7 17. Bxd5 exd5 18. Qd3 $14) 16.
Bg3 Nxg3 17. hxg3 Nf6 18. Ne5 Bb4 (18... Qd6 $5) 19. Bd3 Qe7 $13) 15. Bxe7 Qxe7
16. d5 Nf4 17. Qe3 Qf6 18. Ne4 (18. dxe6 $2 fxe6 19. Ne2 Nxg2 20. Qxe6+ Kh8 $17
) 18... Qf5 19. Ng3 (19. Nd6 Qg4) 19... Qf6 $11) 14... Nc5 15. b4 (15. Rfd1 Qe8
16. b3 Nfe4 17. Bxe7 (17. Nxe4 Bxh4 18. Nd6 Qe7 19. Nxb7 Qxb7 20. Qg4 Qe4 $1
$132 (20... Bf6 $2 21. Be2 Rac8 22. Bf3 $16)) 17... Nxc3 18. Rxc3 Qxe7 $11)
15... Nce4 16. Nxe4 Nxe4 17. Bxe7 Qxe7 18. f3 Nf6 $1 (18... Nd6 $6 19. Bd3 $16)
19. b5 axb5 20. Bxb5 $11 {With a balanced fight ahead.} (20. Bxb5 Rfc8 (20...
Nd5 21. Qd2 $11) 21. Qb2 Nd5 22. e4 $11) 1/2-1/2

[Event "Athens Acropolis"]
[Site "Athens"]
[Date "2003.08.26"]
[Round "2"]
[White "Vouldis, Angelos"]
[Black "Atalik, Suat"]
[Result "0-1"]
[WhiteElo "2539"]
[BlackElo "2599"]
[Annotator "Atalik,S"]
[PlyCount "80"]
[EventDate "2003.08.25"]
[EventType "tourn"]
[EventRounds "9"]
[EventCountry "GRE"]
[EventCategory "12"]
[SourceTitle "CBM 097"]
[Source "ChessBase"]
[SourceDate "2003.11.11"]
[SourceVersion "1"]
[SourceVersionDate "2003.11.11"]
[SourceQuality "1"]

1. d4 d5 2. c4 e6 3. Nc3 Be7 {Geller's favorite.} 4. Nf3 Nf6 5. Bg5 h6 6. Bh4
O-O 7. e3 b6 8. Be2 Bb7 9. Bxf6 Bxf6 10. cxd5 exd5 11. b4 {People gave this up
these days. However still this is one of the most principle variations in
these system.} c6 ({Already for long time black does not touch to} 11... c5 12.
bxc5 bxc5 13. Rb1 Bc6 14. O-O Nd7 15. Bb5 Qc7 16. Qd2 $14 {since the resulting
position looks like one way traffic.}) 12. O-O Re8 13. Qb3 a5 {I have spent
some time pondering about alternatives.} ({neither} 13... b5 $6 14. a4 a6 15.
Bd3 Nd7 16. a5 Be7 17. e4 dxe4 18. Nxe4 Nf6 19. Nc5 $16) ({nor} 13... Nd7 $6
14. b5 c5 15. Nxd5 Bxd4 16. Rad1 $16 {appealed to me.}) 14. bxa5 Rxa5 15. Rab1
Nd7 16. a4 Re6 $5 17. Rfd1 {Difficult to understand the purpose of this move.}
(17. Rfe1 {is another plan aiming e3-e4.} g6 18. Bd3 Ba6 19. Bxa6 Rxa6 20. e4
dxe4 21. Nxe4 Bg7 22. Re3 Nf8 $11) (17. Rfc1 Ba6 18. Bxa6 Rxa6 19. Ne1 Be7 20.
Nd3 Bd6 21. Nb4 (21. Na2 {does not deliver any blow on c6.} Qa8 22. Nab4 $2
Bxb4 23. Nxb4 Rxa4 24. Qc2 Rd6 $1 25. Nxc6 $4 Rc4 $19) 21... Bxb4 22. Qxb4 Qa8
23. Qb3 Nf6 $13) 17... Ba6 18. Bxa6 Rxa6 19. Qc2 Qa8 20. Re1 {He does not care
about the tempo loss.} Nf8 21. h4 Be7 22. Qf5 Bd6 23. h5 $2 {This pawn will be
a headache for white.} (23. g3 Nd7 24. Kg2 Nf6 {and black is fine.}) 23... Qd8
24. Qd3 Ra5 25. g3 Nd7 $17 {Already the pawn on h5 made my appetite to come
back.} 26. e4 dxe4 27. Rxe4 Rxe4 28. Nxe4 {The other capture was more expected.
} (28. Qxe4 Qc8 29. Qg4 Qc7 $17) 28... Bc7 29. Qc4 Nb8 {The pawn is falling.}
30. Nc3 Rxh5 31. Re1 Qd7 32. Re4 $5 (32. Ne5 Bxe5 33. Rxe5 Rxe5 34. dxe5 {
would have resulted in the game continuation.}) 32... Bd6 $5 {I was already
calculating lines in the knight ending.} (32... Qh3 33. Rh4 (33. Re8+ $2 Kh7
34. Qd3+ f5 35. Nh4 Rxh4 $19) (33. Nh4 $2 Bxg3 34. fxg3 Qxg3+ 35. Ng2 Qh2+ 36.
Kf1 Rf5+ $19) 33... Rxh4 34. Nxh4 Qg4 $17) 33. Ne5 Bxe5 34. Rxe5 Rxe5 35. dxe5
Qe6 $1 {There is nothing to be afraid about the endgame.} ({I did not fancy} 
35... Qf5 $6 36. Qd4 Nd7 37. f4 h5 (37... g5 38. Ne4 $1 $132) 38. Ne4 h4 39.
Kg2 Qg4 40. Qd3 Nf8 41. Nf2 Qxg3+ 42. Qxg3 hxg3 43. Ne4 $1 $132) 36. Qxe6 (36.
Qd4 Nd7 37. f4 f6 38. exf6 Nxf6 $17) 36... fxe6 37. f4 Na6 38. Kf2 $6 {Kings
approach towards the center helps even black due to forks.} (38. Ne4 $142 Nb4
39. Nd6 Kf8 40. Kf1 (40. Nc8 Nd5) (40. Kf2 Nd3+ 41. Ke3 Nc5 $19) 40... Nd5 41.
Nc4 b5 42. axb5 cxb5 43. Nd6 b4 44. Ke2 h5 $19) 38... Kf7 $1 {First the king
should approach to the weaknesses in the queenside.} (38... Nc5 $6 39. Ne2 Nxa4
40. Nd4 $17) 39. Ke3 $2 (39. Ne4 {creates more resistance.} Ke7 40. Ke3 (40.
Nd6 Kd7) 40... Nb4 41. Kd4 Nd5 42. Kd3 h5 43. Nd6 Kd7 44. Nc4 g6 45. Kc2 Kc7
46. Nd6 h4 47. gxh4 Nxf4 $19) 39... Nc5 $22 $19 {Now white is paralysed.} 40.
Kd4 (40. g4 g6 $19) 40... h5 {Now white has realised that there is no a4-a5
push due to the fork.} (40... h5 41. Ke3 (41. a5 $2 Nb3+ $19) 41... Kg6 42. Ne2
Kf5 43. Kf3 (43. Nd4+ Kg4 44. f5 exf5 45. e6 Na6 46. e7 Nc7 47. Kf2 c5 48. Nb5
Ne8 $19) 43... Nb3 44. Ke3 Kg4 $19) 0-1

[Event "GRE-chT 36th"]
[Site "Kallithea"]
[Date "2008.07.06"]
[Round "1.3"]
[White "Gelashvili, Tamaz"]
[Black "Atalik, Suat"]
[Result "1/2-1/2"]
[WhiteElo "2612"]
[BlackElo "2585"]
[Annotator "Atalik,S"]
[PlyCount "119"]
[EventDate "2008.07.06"]
[EventType "team-tourn"]
[EventRounds "7"]
[EventCountry "GRE"]
[SourceTitle "CBM 125"]
[Source "ChessBase"]
[SourceDate "2008.07.30"]
[SourceVersion "1"]
[SourceVersionDate "2008.07.30"]
[SourceQuality "1"]

1. Nf3 Nf6 2. d4 d5 3. c4 e6 4. Bg5 Be7 5. Nc3 h6 6. Bh4 O-O 7. e3 b6 8. Bd3 ({
He has played} 8. Be2 {in the Turkish League against me.}) 8... Bb7 9. O-O Ne4
$5 {This mixture of Lasker with MTB is a favourite of Boensch and I have also
picked it up.} 10. Bg3 c5 11. cxd5 exd5 12. dxc5 $5 $146 {This exchange may be
a little bit early.} Bxc5 (12... Nxc3 $6 13. bxc3 Bxc5 (13... bxc5 14. Rb1 Qc8
$16) 14. Nd4 $16) (12... bxc5 $2 13. Qb3 $1 $16) 13. Qc2 $6 {An aimless move.}
Nxg3 {No need to delay this exchange.} (13... Qe7 $6 14. Bh4 $5 g5 15. Bg3 Nd7
16. Nd4 $16) 14. hxg3 Nd7 15. Bh7+ Kh8 16. Bf5 Nf6 17. a3 Qe7 18. b4 Bd6 19.
Nb5 Ba6 $6 {I can not understand why I had to give up my pair of bishops as
easily as this.} (19... Bb8 20. Nbd4 g6 21. Bh3 Bd6 $11) 20. Qa4 Bxb5 21. Qxb5
a5 22. Rab1 $1 g6 23. Bd3 {He had to make a decision as to where to pull his
bishop back to.} (23. Bh3 axb4 (23... Rfb8 24. Nd4 axb4 25. axb4 Ra2 26. Ra1)
24. axb4 Kg7 25. Nd4 Ra2 $13) (23. Bc2 axb4 24. axb4 Rfc8 25. Bb3 Bxb4 26. Qxb6
Ba5 27. Qb5 Rc5 28. Qe2 $11) 23... axb4 24. axb4 Ra3 $132 25. Nd4 $2 {The
knight should not travel away from its post.} Ng4 $3 {Tactics!!} 26. Nc2 Rc3
27. Ne1 $8 {White's knight is trying to get back to itd f3 post.} (27. Rfd1
Bxg3 28. fxg3 Rxc2 $17) (27. Qxd5 $2 Qe5 $1 {is the point behind the pawn sac.
Now White is bound to lose a piece.} 28. Qf3 (28. Qxe5+ Nxe5 29. Be4 f5 $19)
28... Qh5 (28... Nxf2 29. Rxf2 Rxd3 $17) 29. Rfd1 Rxd3 $1 30. Rxd3 Qh2+ 31. Kf1
Qh1+ 32. Ke2 Qxb1 $19) 27... Bxg3 $1 (27... Nxe3 $2 28. fxe3 Qxe3+ 29. Kh1 Qxg3
30. Nf3 $16) 28. fxg3 Qxe3+ 29. Kh1 Qxg3 (29... Nf2+ 30. Rxf2 Qxf2 31. Qxd5 Qf6
$15) 30. Nf3 Nf2+ $4 {I think I was under the effect of pills. With my blurred
vision I missed a trivial win.} ({Of course I was aware of the fact that} 30...
Ne3 $1 {was the move. Alas I had difficulties in calculating the variations
properly.} 31. Rb2 (31. Rg1 Qg4 $1 (31... Nxg2 32. Rxg2 Qxf3 33. Bf1 $17) 32.
Be2 (32. Nh2 Qd4 $1 {I also missed that after the text he has to give an
exchange back.} 33. Rbd1 Nxd1 34. Rxd1 Rd8 35. Be2 Qe3 36. Nf1 Qe6 $19) 32...
Rc4 $3 {is one of the moves I have missed.} 33. Rb2 Qxf3 $3 $19) 31... Nxf1 32.
Bxf1 Qd6 33. Rd2 Rd8 $19 {and Black should win with these 3 extra pawns!}) 31.
Rxf2 Qxf2 32. Qxd5 Rfc8 $4 {I was under the illusion of an unexisting
checkmate.} (32... Qe3 33. Ne5 Rc1+ 34. Rxc1 Qxc1+ 35. Kh2 Qf4+ 36. g3 Qxb4 37.
Nxf7+ Rxf7 38. Qxf7 Qd2+ 39. Kh3 Qxd3 40. Qf8+ $11) 33. Qxf7 $1 Qg3 $8 {
Waking up from my dream I pulled myself together.} (33... Rxd3 $2 34. Qf6+ Kg8
35. Qxg6+ $18 (35. Qe6+ Kg7 36. Qxc8 Rxf3 $11)) 34. Qf6+ Kh7 35. Ne5 $2 {
He played this very quickly. That was a big relief for me.} ({Bringing the
queen to e3 was the manoeuvre I was afraid of.} 35. Qe7+ Kh8 (35... Kg8 36.
Qe6+ Kg7 37. Qd7+ Kg8 38. Rf1 R8c7 (38... Rc1 39. Qe6+ Kg7 40. Qe7+ Kh8 41. Ne5
$18) 39. Qd4 $18) 36. Qe3 $1 Kh7 $16) 35... Rc1+ 36. Bf1 Rxb1 ({For some
strange reason} 36... h5 $5 $11 {escaped my attention.}) 37. Qf7+ Kh8 38. Nxg6+
Qxg6 39. Qxg6 Rxf1+ 40. Kh2 Rcf8 $2 (40... Rc7 $1 {and he does not get my
h6-pawn. Besides, on top of everything, White does not have the means to
exploit the awkward placement of the black rooks.} 41. Qxb6 (41. Qe8+ Kh7 42.
Qe4+ Kg8) 41... Rcf7 42. b5 Kg7 43. Qd4+ R1f6 $11) 41. Qxh6+ Kg8 42. Qg6+ Kh8
43. Qxb6 {Now Black should have tried to post both of his rooks on the 6th
rank to achieve a draw.} Kg7 (43... R1f6 44. Qd4 Kg8 45. b5 Rh6+ 46. Kg1 Rff6
47. g4 Rb6 48. g5 Rhg6 49. Kf2 Rge6 50. Kg3 Rg6 51. Kf4 Rgd6 52. Qc4+ Kg7 53.
Qc7+ Kg8 54. Ke5 Rg6 55. Kf5 $11 {and White can not make further progress. The
white king trying to break from queenside, the black Rb6 shying away from the
b6-square is also enough for the draw.}) 44. g4 R8f6 (44... R1f6 {was another
way to reach the defensive set up.} 45. Qd4 Kg8 46. b5 Rh6+ 47. Kg3 Rb8 48.
Qd5+ Kf8 49. Qc5+ Kg8 50. Qc4+ Kh8 51. Qc3+ Kg8 52. Qb3+ $11) 45. Qb7+ Kg6 46.
Kg3 Re6 $2 {The last and crucial mistake after which placing the rooks on the
6th becomes impossible.} (46... Re1 47. b5 Ree6 $11) 47. Qd5 Rfe1 (47... Rff6
48. g5 $18) 48. b5 R1e5 49. Qd4 $18 Kg5 50. Qf4+ $2 {He started to spoil his
advantage by playing quickly.} (50. b6 Rb5 51. Qd8+ Kh6 (51... Rf6 52. Qd2+ Kg6
53. Qd3+ $18) 52. Qd2+ Rg5 53. b7 Rb6 54. b8=Q Rxb8 55. Qd6+ $18) (50. Qd2+ Kf6
51. b6 Rb5 52. Qd8+ Re7 53. Qd3 Rbe5 (53... Ree5 54. b7 Ke7 55. Qa3+ Ke6 56.
Qa7 $18) 54. Qf3+ Kg6 55. b7 $18) 50... Kg6 51. b6 $4 (51. Qc4 $1 $16 {was the
last chance to increase the pressure.}) 51... Rb5 $11 52. b7 Reb6 53. Kh4 Rxb7
{Now it is a trivial draw.} 54. Qd6+ Kh7 55. g5 R5b6 56. Qd3+ Rg6 57. Qf5 Rbg7
(57... Rbb6 58. Kh5 Kg7 $11 {would also have achieved the draw.}) 58. Kh5 Rg8
59. Qf7+ R8g7 60. Qf5 1/2-1/2

[Event "Rubinstein Memorial 38th"]
[Site "Polanica Zdroj"]
[Date "2006.08.25"]
[Round "6"]
[White "Zubarev, Alexander2"]
[Black "Atalik, Suat"]
[Result "1/2-1/2"]
[WhiteElo "2518"]
[BlackElo "2619"]
[Annotator "Atalik,S"]
[PlyCount "70"]
[EventDate "2006.08.20"]
[EventType "tourn"]
[EventRounds "9"]
[EventCountry "POL"]
[EventCategory "13"]
[SourceTitle "CBM 113 Extra"]
[Source "ChessBase"]
[SourceDate "2006.09.14"]
[SourceVersion "1"]
[SourceVersionDate "2006.09.14"]
[SourceQuality "1"]

1. d4 Nf6 2. Nf3 e6 3. c4 b6 4. Nc3 Bb7 5. Bg5 h6 6. Bh4 Be7 7. e3 {One of the
two moves in this position.} (7. Qc2 d5 8. cxd5 Nxd5 9. Nxd5 Bxd5 10. Bxe7 Qxe7
11. e4 Bb7 12. Bb5+ c6 13. Bc4 O-O 14. O-O c5 (14... Nd7 15. Rfe1 Rfd8 16. Rad1
$14) 15. d5 exd5 16. exd5 Nd7 17. Rfe1 Qd6 18. Rad1 Nf6 19. Nh4 Rfe8 20. Nf5
Qd7 21. Qd3 Rxe1+ 22. Rxe1 Re8 23. Rxe8+ Qxe8 24. Ne3 Qe5 $132) 7... O-O 8. Bd3
d5 {We have got a Makagonov on the board now.} 9. O-O Ne4 $5 {Boensch's
favorite.} 10. Bg3 c5 11. Qe2 {White wants to keep a simple position over the
board.} (11. cxd5 exd5 12. Qe2 Nd7 13. Rfd1 (13. Rad1 Qc8 $13) 13... Nxg3 14.
hxg3 Nf6 15. dxc5 Bxc5 $14) 11... Nd7 12. Rfd1 Ndf6 (12... cxd4 13. exd4 Nxg3
14. hxg3 dxc4 15. Bxc4 Nf6 16. Ne5 Bb4 $132) 13. Rac1 cxd4 14. Nxd4 $6 {
I am always against this capture.} (14. exd4 Nxg3 15. hxg3 dxc4 16. Bxc4 Bb4 (
16... a6 17. a4) 17. Ne5 Bxc3 18. bxc3 Qc7 $14) 14... Nxg3 15. hxg3 Rc8 (15...
dxc4 $6 16. Bxc4 Qc7 17. Ba6) 16. Ncb5 $5 {This move surprised me.} (16. cxd5
Nxd5 17. Bc4 Bf6 18. Bxd5 exd5 $5 $13 {was once played by Graf the great.})
16... a5 {I thought this was the most consequent.} (16... a6 17. Na7 (17. Nc3
$5) 17... Rc7 18. cxd5 Qxd5 (18... Rxc1 19. Rxc1 Qxd5 20. Nac6 Bc5 21. b4 Bxc6
22. Nxc6 Qxc6 23. bxc5 bxc5 24. Bxa6 $14) 19. e4 Qd7 20. Bc2 Nxe4 21. Ndb5 Rxc2
22. Rxc2 Qe8 23. Rc7 Bd5 24. Rc8 Qd7 (24... Bd8 25. Nc3) 25. Rc7 $11) 17. a3
Bc5 18. Nf3 Qe7 19. cxd5 Bxd5 {I could have gone for the other capture too.} (
19... Nxd5 20. Nc3 Nxc3 21. Rxc3 Rfd8 22. Rcc1 Qf6 $15) 20. Nc3 Bc6 21. Nd2 Qa7
$1 22. Nce4 Nxe4 $2 {No matter what happens I had to play the other move.} (
22... Be7 $1 23. Nxf6+ Bxf6 24. Ne4 (24. Be4 Bd7) 24... Be7 25. Nc3 Qa8 26. e4
(26. Ba6 Rcd8 27. Bb5 Bb7 $1 $15) 26... Rfd8 27. Kh2 Bc5 28. f3 $15) 23. Bxe4
Bd7 24. Nf3 $1 $11 {Now I can not keep the pair of bishops.} Rfd8 25. Ne5 Be8
26. Rxd8 Rxd8 27. Nc6 {Draw offer.} Bxc6 28. Bxc6 Qc7 29. Bf3 (29. Ba4 $11 {
was also possible.}) 29... Qe5 30. Qc2 g6 (30... h5 31. Rd1 Bd6 32. Qc6 $11)
31. Rd1 Rxd1+ 32. Bxd1 Qd5 33. g4 Bf8 34. a4 Qc5 35. Qxc5 Bxc5 {Nothing left
to play.} 1/2-1/2